000 00640nam a2200205 a 4500
005 20240808063840.0
008 991125s1976 mx 000 0 spa u
020 _a0070909075
035 _aUPN01000032399
049 _aCG
050 4 _aQA402
_bA9.58
100 1 _aAuslander, David M.
245 1 0 _aIntroducción a sistemas y control /
_cDavid M. Auslander, Yasundo Takahashi, Michael J. Rabins ; tr. Jairo Osuna Suárez.
260 _aMéxico :
_bMcGraw-Hill,
_c1976.
300 _a349 p.
650 4 _aANALISIS DE SISTEMAS
_96265
700 1 _aRabins, Michael J.,
_ecoaut.
700 1 _aTakahashi, Yasundo,
_ecoaut.
905 _aLibro
999 _c32399
_d32399